Sheryl Sandbergová se do toho umí opřít

Pokračovanie článku z predchádzajúceho čísla. Sheryl Sandbergová venuje zvláštnu pozornosť postaveniu a úlohe žien s dôrazom na ich profesijné uplatnenie. Svoje manažérske skúsenosti opísala v knihe Lean in: Women, work, and the will to lead. Odporúčania autorky ženám, ktoré sa usilujú o úspech vo s...

Ausführliche Beschreibung

Gespeichert in:
Bibliographische Detailangaben
1. Verfasser: Kapoun, Jan
Format: Buchkapitel
Sprache:Tschechisch
Schlagworte:
Tags: Tag hinzufügen
Keine Tags, Fügen Sie das erste Tag hinzu!

MARC

LEADER 00000naa a2200000 4500
001 0182281
005 20231211094622.2
041 0 |a cze 
044 |a CZ 
245 1 0 |a Sheryl Sandbergová se do toho umí opřít  |c Jan Kapoun 
520 |a Pokračovanie článku z predchádzajúceho čísla. Sheryl Sandbergová venuje zvláštnu pozornosť postaveniu a úlohe žien s dôrazom na ich profesijné uplatnenie. Svoje manažérske skúsenosti opísala v knihe Lean in: Women, work, and the will to lead. Odporúčania autorky ženám, ktoré sa usilujú o úspech vo svojej profesii. 
610 2 0 |a manažéri 
610 2 0 |a ženy 
610 2 0 |a kariéra 
610 2 0 |a povolanie 
610 2 0 |a riadenie 
100 1 |a Kapoun, Jan